| 000 | 00608nam a22002057a 4500 | ||
|---|---|---|---|
| 003 | 0 | ||
| 005 | 20251108100806.0 | ||
| 008 | 251108b xxu||||| |||| 00| 0 eng d | ||
| 020 | _a978-0-553-84102-2 | ||
| 050 |
_aPS 3613.C385 _b.M34 2007 |
||
| 100 |
_aMcFadyen, Cody, _eauthor. |
||
| 245 |
_aShadow man / _cCody McFadyen. |
||
| 260 |
_aNew York, NY : _bBantam Dell, _c2007. |
||
| 300 |
_a470 pages ; _c18 cm. |
||
| 650 | _aSuspense fiction. | ||
| 650 |
_aMurder _xInvestigation _vFiction. |
||
| 650 |
_aFederal Bureau of Investigation _xFiction. |
||
| 650 |
_aSerial murderers _xFiction. |
||
| 942 |
_2lcc _cBK |
||
| 999 |
_c368534 _d368534 |
||